Aritmetické podprogramy pre mikropočítač typu 8080 /

Salvato in:
Dettagli Bibliografici
Autore principale: Tóthová, Jarmila (Autore)
Altri autori: Čičák, Pavel, 1955- (Relatore della tesi)
Natura: Manoscritto Libro
Lingua:slovacco
Pubblicazione: Bratislava Slovenská vysoká škola technická v Bratislave, Elektrotechnická fakulta, Katedra počítačov 1982
Soggetti:
Tags: Aggiungi Tag
Nessun Tag, puoi essere il primo ad aggiungerne!!

MARC

LEADER 00000ntm a22000003a 4500
001 0064880
003 SK-STU
005 20180504145111.1
007 ta
008 180504s2018----xo-----f-mn---000-0-slo-d
040 |a STU  |b slo 
041 0 |a slo 
044 |a xo  |c SK 
100 1 |a Tóthová, Jarmila  |4 aut 
245 1 0 |a Aritmetické podprogramy pre mikropočítač typu 8080 /  |c aut. Jarmila Tóthová ; škol. Pavel Čičák 
260 |a Bratislava  |b Slovenská vysoká škola technická v Bratislave, Elektrotechnická fakulta, Katedra počítačov  |c 1982 
300 |a 45 s. 
650 0 7 |a mikropočítače 
700 1 |a Čičák, Pavel,  |d 1955-  |u 070100  |r Z1  |4 ths  |U FIIT Fakulta informatiky a informačných technológií  |T FIIT Ústav počítačových systémov a sietí  |X 1926  |U I100  |Y 178  |7 1926 
996 |c I*DP1/82  |l II680  |s P  |a 0  |w 0064880_0001